Đi tìm hạnh phúc cuộc sống = How we choose to be happy
Sách nghiên cứu thực tế về giá trị ước mơ và hạnh phúc của rất nhiều người.
Enregistré dans:
| Auteur principal: | |
|---|---|
| Format: | Livre |
| Langue: | Undetermined |
| Publié: |
Thành phố Hồ Chí Minh
Tổng hợp Thành phố Hồ Chí Minh
2013
|
| Sujets: | |
| Tags: |
Ajouter un tag
Pas de tags, Soyez le premier à ajouter un tag!
|
| Thư viện lưu trữ: | Trung tâm Học liệu Trường Đại học Cần Thơ |
|---|
| LEADER | 00826nam a2200217Ia 4500 | ||
|---|---|---|---|
| 001 | CTU_193682 | ||
| 008 | 210402s9999 xx 000 0 und d | ||
| 020 | |c 40000 | ||
| 082 | |a 158.1 | ||
| 082 | |b F756 | ||
| 100 | |a Foster, Rick | ||
| 245 | 0 | |a Đi tìm hạnh phúc cuộc sống = | |
| 245 | 0 | |b How we choose to be happy | |
| 245 | 0 | |c Rick Foster & Greg Hicks ; Nguyễn Văn Phước ... [et al.] biên dịch | |
| 260 | |a Thành phố Hồ Chí Minh | ||
| 260 | |b Tổng hợp Thành phố Hồ Chí Minh | ||
| 260 | |c 2013 | ||
| 520 | |a Sách nghiên cứu thực tế về giá trị ước mơ và hạnh phúc của rất nhiều người. | ||
| 650 | |a Happiness,Hạnh phúc | ||
| 910 | |a Hải | ||
| 980 | |a Trung tâm Học liệu Trường Đại học Cần Thơ | ||